| 000 | 00700nam a2200217Ia 4500 | ||
|---|---|---|---|
| 003 | GCL | ||
| 008 | 140319s9999 xx 000 0 ara d | ||
| 040 |
_aGCL / _cGCL |
||
| 082 | 0 | 4 |
_a382.1 _bل س |
| 100 | 1 | _aلجنة من اساتذة الجامعات | |
| 245 | 1 | 0 |
_aسجل العرب / _cلجنة من اساتذة الجامعات |
| 700 | 1 | _aابراهيم عبده | |
| 260 |
_a[S.N] : _bالشركة العربية للعلاقات الاقتصادية والثقافة ، _c1960 |
||
| 300 | _a592 ص | ||
| 490 | _a | ||
| 650 | 0 | 4 | _aالاقتصاد |
| 650 | 0 | 4 | _aالتجارة |
| 650 | 0 | 4 | _aالوطن العربى |
| 650 | 0 | 4 | _aالعلاقات الخارجية |
| 942 |
_2ddc _cBK |
||
| 999 |
_c59071 _d59071 |
||